| 000 | 00611nam a2200205 i 4500 | ||
|---|---|---|---|
| 001 | 21022 | ||
| 003 | ES-MaACL | ||
| 005 | 20250804072403.0 | ||
| 007 | t| | ||
| 008 | 021120s1973 sp |||| | spa d | ||
| 100 | 1 |
_aAlas, Leopoldo, _d1852-1901 _9226375 |
|
| 245 | 1 | 0 |
_aCuentos morales / _cLeopoldo Alas "Clarín". |
| 260 |
_aMadrid : _bAlianza, _c[1973] |
||
| 300 |
_a287 p. ; _c18 cm. |
||
| 490 | 1 |
_aEl libro de bolsillo ; _v457. _aSección literatura |
|
| 830 | 0 | 3 |
_aEl libro de bolsillo. _pLiteratura _v457. _9180913 |
| 852 |
_aES-MaACL _jC-52912 |
||
| 942 | _2udc | ||
| 999 |
_c21022 _d21022 |
||